Countries That Start With B - Statistics

General Stats
  • This quiz has been taken 50 times
    44 since last reset
  • The average score is 11 of 18
Answer Stats
Answer % Correct
Brazil
89%
Bahrain
76%
Belgium
76%
Belize
74%
Botswana
74%
Brunei
71%
Bahamas
68%
Bhutan
68%
Bosnia
68%
Bolivia
66%
Bulgaria
66%
Barbados
63%
Benin
63%
Bangladesh
61%
Burundi
61%
Belarus
45%
Burkina Faso
39%
Burma
11%
No matching quizzes found
Score Distribution
Percent of People with Each Score
Percentile by Number Answered
Your Score History
You have not taken this quiz since the last reset